000 00780nam a2200241 i 4500
001 C2-0226937
003 PPAK
005 20180728154530.0
008 000705s1977 my |||| ||||| | may d
040 _aPPAK
_beng
_cPPAK
_erda
082 0 4 _a899.23309
_223
090 0 0 _a899.23309
_bWAN
_dKSA
100 0 _aWan Mahmud bin Wan jaafar,
_eauthor
245 1 0 _aImej wanita dalam cerpen-cerpen majalah wanita (Ogos 1969 hingga Disember 1976)
264 1 _aPulau Pinang :
_bUniversiti Sains Malaysia ,
_c1977-78
300 _avii, 174 pages ;
_c28 cm
336 _2rdacontent
_atext
337 _2rdamedia
_aunmediated
338 _2rdacarrier
_avolume
500 _aTesis Ijazah Sarjana Muda Sastera
650 1 0 _aShort stories, Malay - History and criticism
942 _ddc
_cB
999 _c147133
_d147133